| 000 | 01407nam a2200265 a 4500 | ||
|---|---|---|---|
| 001 | ASIN1840465840 | ||
| 003 | OSt | ||
| 005 | 20180116192420.0 | ||
| 008 | 140212s2001 xxu eng d | ||
| 020 |
_a1840465840 (paperback) _c$12.95 |
||
| 020 | _a9781840465846 (paperback) | ||
| 040 | _csada | ||
| 050 | 0 | 4 | _aP99 |
| 082 | 0 | 4 | _a302.2 |
| 100 | 1 |
_aCobley, Paul. _97306 |
|
| 245 | 1 | 0 |
_aIntroducing semiotics / _cPaul Cobley, Litza Jansz. |
| 250 | _aThird Edition. | ||
| 260 |
_a[S.l.] : _bTotem Books, _c2001. |
||
| 300 |
_a176 p. ; _c21 cm. |
||
| 520 | _aWhy study signs? This perennial question of philosophy is answered by the science of semiotics. An animal's cry, poetry, the medical symptom, media messages, language disorders, architecture, marketing, body language - all these, and more, fall within the sphere of semiotics. This book outlines the development of sign study from its classical precursors to contemporary post-structuralism. It identifies the key semioticians and their work and explains the simple concepts behind difficult terms. For anybody who wishes to know why signs are crucial to human existence and how we can begin to study systems of signification, this book is the place to start. | ||
| 650 | 0 |
_aSemiotics _97307 |
|
| 700 | 1 |
_aJansz, Litza. _97308 |
|
| 856 | 4 | 0 |
_3Amazon.com _uhttp://www.amazon.com/exec/obidos/ASIN/1840465840/chopaconline-20 |
| 942 |
_2ddc _cBK |
||
| 999 |
_c353892 _d353892 |
||